<?xml version="1.0" encoding="UTF-8"?>
<collection xmlns="http://www.loc.gov/MARC21/slim">
    <record>
        <controlfield tag="001">46412</controlfield>
        <controlfield tag="005">20170831220538.0</controlfield>
        <datafield tag="037" ind1=" " ind2=" ">
            <subfield code="a">GDOC-2010-0869</subfield>
        </datafield>
        <datafield tag="041" ind1=" " ind2=" ">
            <subfield code="a">spa</subfield>
        </datafield>
        <datafield tag="100" ind1=" " ind2=" ">
            <subfield code="0">(orcid)0000-0001-7118-9013</subfield>
            <subfield code="a">Flavián Blanco, Carlos</subfield>
        </datafield>
        <datafield tag="245" ind1="0" ind2="0">
            <subfield code="9">61619</subfield>
            <subfield code="a">Nuevos enfoques en el estudio del marketing estratégico (C.I.M.)</subfield>
        </datafield>
        <datafield tag="260" ind1=" " ind2=" ">
            <subfield code="a">Zaragoza</subfield>
            <subfield code="b">Universidad de Zaragoza</subfield>
            <subfield code="c">2010-2011</subfield>
        </datafield>
        <datafield tag="520" ind1=" " ind2=" ">
            <subfield code="a">En el pasado, era frecuente analizar la actividad de marketing de una organización con una perspectiva temporal centrada en el corto plazo. Sin embargo, a medida que ha ido evolucionando la disciplina de marketing, cada vez es más evidente que las actividades de marketing de toda organización deben ser analizadas desde una perspectiva estratégica. El enfoque de marketing estratégico permite integrar esta visión temporal más amplia a la vez que interrelacionar las decisiones tomadas en cada uno de los ámbitos de actuación de la actividad de marketing (producto, distribución, etc.).  Con estas premisas, este curso pretende ofrecer a los alumnos una visión panorámica de una selección de los temas que se han considerado más relevantes en el ámbito del marketing estratégico. La selección de temas ha sido necesaria ante la imposibilidad de cubrir en un solo curso la temática tan diversa existente dentro del ámbito del marketing estratégico y por la necesidad de evitar solapamientos con otros cursos que tratan temas afines al mismo.  El objetivo del curso es que éste pueda servir como base para el trabajo para que los estudiantes que lo cursen sean capaces de desarrollar posteriormente un trabajo de investigación centrado en el ámbito del marketing estratégico.  </subfield>
        </datafield>
        <datafield tag="521" ind1=" " ind2=" ">
            <subfield code="9">621</subfield>
            <subfield code="a">Máster Universitario en Gestión de las Organizaciones</subfield>
        </datafield>
        <datafield tag="540" ind1=" " ind2=" ">
            <subfield code="a">by-nc-sa</subfield>
            <subfield code="b">Creative Commons</subfield>
            <subfield code="c">3.0</subfield>
            <subfield code="u">http://creativecommons.org/licenses/by-nc-sa/3.0/</subfield>
        </datafield>
        <datafield tag="700" ind1=" " ind2=" ">
            <subfield code="0">(orcid)0000-0002-2952-0750</subfield>
            <subfield code="a">Fandos Herrera, Carmen</subfield>
        </datafield>
        <datafield tag="700" ind1=" " ind2=" ">
            <subfield code="0">(orcid)0000-0002-1045-6242</subfield>
            <subfield code="a">Bordonaba Juste, María Victoria</subfield>
        </datafield>
        <datafield tag="700" ind1=" " ind2=" ">
            <subfield code="0">(orcid)0000-0002-1456-4726</subfield>
            <subfield code="a">Guinaliu Blasco, Miguel</subfield>
        </datafield>
        <datafield tag="700" ind1=" " ind2=" ">
            <subfield code="0">(orcid)0000-0002-9643-2814</subfield>
            <subfield code="a">Casaló Ariño, Luis Vicente</subfield>
        </datafield>
        <datafield tag="830" ind1=" " ind2=" ">
            <subfield code="9">340</subfield>
        </datafield>
        <datafield tag="856" ind1="4" ind2=" ">
            <subfield code="s">118226</subfield>
            <subfield code="u">http://zaguan.unizar.es/record/46412/files/guia.pdf</subfield>
            <subfield code="y">Guía (idioma español)</subfield>
        </datafield>
        <datafield tag="980" ind1=" " ind2=" ">
            <subfield code="a">GDOC</subfield>
            <subfield code="b">Ciencias sociales</subfield>
            <subfield code="c">101</subfield>
        </datafield>
    </record>

    
</collection>